Modern Marketing Principles and Practices (Record no. 6981)

MARC details
000 -LEADER
fixed length control field 00350nam a2200133Ia 4500
008 - FIXED-LENGTH DATA ELEMENTS--GENERAL INFORMATION
fixed length control field 191201s2007 xx 000 0 und d
100 ## - MAIN ENTRY--PERSONAL NAME
Personal name PAL,Karam
245 #0 - TITLE STATEMENT
Title Modern Marketing Principles and Practices
250 ## - EDITION STATEMENT
Edition statement Ed.
Remainder of edition statement 2007
260 ## - PUBLICATION, DISTRIBUTION, ETC. (IMPRINT)
Name of publisher, distributor, etc Deep and Deep Publications Pvt. LTD
Place of publication, distribution, etc New Delhi
300 ## - PHYSICAL DESCRIPTION
Extent Pg. 527
650 ## - SUBJECT ADDED ENTRY--TOPICAL TERM
Topical term or geographic name as entry element BBA
942 ## - ADDED ENTRY ELEMENTS (KOHA)
Source of classification or shelving scheme Dewey Decimal Classification
Koha item type Text Books
942 ## - ADDED ENTRY ELEMENTS (KOHA)
-- 1
Holdings
Withdrawn status Lost status Source of classification or shelving scheme Damaged status Not for loan Collection code Home library Current library Date acquired Source of acquisition Cost, normal purchase price Bill Number Total Checkouts Full call number Acc. no. / Barcode Date last seen Actual Cost, discounted price Bill Date Koha item type Date last borrowed
    Dewey Decimal Classification     BBA PIET C-LIBRARY PIET C-LIBRARY 21/07/2020 Kirti Prakashan 1250.00 IN 3914   368.32 PAI 31022 05/12/2019 550.00 18/05/2019 Text Books  
    Dewey Decimal Classification     BBA PIET C-LIBRARY PIET C-LIBRARY 21/07/2020 Kirti Prakashan 1250.00 IN 3914   368.32 PAI 31023 04/12/2019 550.00 18/05/2019 Text Books  
    Dewey Decimal Classification     BBA PIET C-LIBRARY PIET C-LIBRARY 21/07/2020 Kirti Prakashan 1250.00 IN 3914 1 368.32 PAI 31024 16/05/2022 550.00 18/05/2019 Text Books 27/04/2022

Design & Developed by: PIET Central Library
R70 Miles Stone Pattikalyana Samalkha Panipat 132102
mail ID :- [email protected], Phone No:- 0180-2569700 Ex.216